000 01445nam a2200289Ia 4500
001 E2001
003 IT-RoPAU
008 130308s9999 xx 000 0 und d
040 _aIT-RoPAU
040 _cIT-RoPAU
041 _aFRANCESE
100 _aGuerin Serge
100 _gCodice Aut. SPICS: 43457
245 _aCyberpresse: la presse et l'ecrit off line, on line
245 _bCyberpresse: la Presse et L'Ecrit Off Line, On Line
250 _a1a ed.
260 _aPARIS
260 _bHermes
260 _c1996 [1° Ed.:1996 - Ed.Ling.Originale:1996]
300 _a"160 p. (prefazione: no ; testo: 160)"
500 _aCiberstampa: Stampa e scritto Off line e On Line. supporti Elettronici di Fronte Alle Crisi Dello Scritto: dal minitel Ai Nuovi supporti Elettronici.Supporti in Linea una Nuova Possibilità per Lo Scritto: Stampa su Minitel, Ciberscritto, Edizione Elettronica, Dallo scritto Allo schermo o Il Multimedia Come Modernità Postaudiovisiva, Ciberstampa Alla conquista del mercato pubblicitario . Libro e Stampa Due logiche Differenti di Fronte Ai Cd. Edizione su Internet. Stampa su Internet. rischi e Limiti della Stampa su Internet. Ciberscritto: un Anello di una Industria della Comunicazione: Rivoluzione del paesaggio Mondiale della Comunicazione. Glossario. Bibliografia.
650 _aTEORIA DELLA MULTIMEDIALITA'
650 _eCodice materia Spics: 4253
942 _cBK
957 _71
999 _c90068
_d90068
999 _g1